ნორმალური ფორმატი
MARC ფორმატი
ჩანაწერი Personal Name
ჩანაწერთა რაოდენობა, რომელიც გამოყენებულია: 1
001 - CONTROL NUMBER
- control field: 20266
003 - CONTROL NUMBER IDENTIFIER
- control field: GE_BSU
005 - DATE AND TIME OF LATEST TRANSACTION
- control field: 20231030144054.0
008 - FIXED-LENGTH DATA ELEMENTS
- fixed length control field: 231030|| aca||aabn | a|a d
040 ## - CATALOGING SOURCE
- Original cataloging agency: GE_BSU
- Transcribing agency: GE_BSU
100 ## - HEADING--PERSONAL NAME
- Personal name: Brooks, Margaret
670 ## - SOURCE DATA FOUND
- Source citation: Work cat.: (GE_BSU): Brooks, Margaret, Q: Skills for Success: Level 2:
